[Event "DEM U18 2025"]
[Site "Willingen GER"]
[Date "2025.06.08"]
[Round "1"]
[White "Stützer, Kiran"]
[Black "Stork, Christopher"]
[Result "1/2-1/2"]
[Termination "normal"]
[Board "12"]
[WhiteElo "1869"]
[BlackElo "2132"]
[WhiteClock "00:22:29"]
[BlackClock "00:33:49"]
[PlyCount "89"]
[WhiteFideId "34665374"]
[BlackFideId "16215400"]
[EventCountry "GER"]
[EventRounds "9"]
[EventType "swiss"]
[EventDate "2025.06.07"]

1. d4 {[%clk 01:30:56]} {[%emt 00:00:03]} Nf6 {[%clk 01:30:37]} {[%emt
00:00:24]} 2. Bg5 {[%clk 01:31:19]} {[%emt 00:00:07]} d5 {[%clk 01:30:41]}
{[%emt 00:00:25]} 3. Bxf6 {[%clk 01:31:42]} {[%emt 00:00:08]} exf6 {[%clk
01:31:06]} {[%emt 00:00:05]} 4. e3 {[%clk 01:32:02]} {[%emt 00:00:10]} Bd6
{[%clk 01:29:28]} {[%emt 00:02:07]} 5. c4 {[%clk 01:32:12]} {[%emt 00:00:21]}
dxc4 {[%clk 01:28:02]} {[%emt 00:01:57]} 6. Bxc4 {[%clk 01:32:35]} {[%emt
00:00:07]} c6 {[%clk 01:27:02]} {[%emt 00:01:29]} 7. Nc3 {[%clk 01:32:58]}
{[%emt 00:00:07]} O-O {[%clk 01:26:36]} {[%emt 00:00:56]} 8. Qc2 {[%clk
01:33:16]} {[%emt 00:00:11]} Nd7 {[%clk 01:19:38]} {[%emt 00:07:29]} 9. Nf3
{[%clk 01:32:03]} {[%emt 00:01:42]} Nb6 {[%clk 01:12:56]} {[%emt 00:07:13]} 10.
Bb3 {[%clk 01:26:00]} {[%emt 00:06:34]} Bg4 {[%clk 01:08:13]} {[%emt 00:05:12]}
11. a3 {[%clk 01:20:45]} {[%emt 00:05:45]} Qd7 {[%clk 01:05:16]} {[%emt
00:03:28]} 12. Ne4 {[%clk 01:15:21]} {[%emt 00:05:53]} Nd5 {[%clk 00:58:28]}
{[%emt 00:07:19]} 13. Nxd6 {[%clk 01:09:43]} {[%emt 00:06:07]} Qxd6 {[%clk
00:58:22]} {[%emt 00:00:35]} 14. Nd2 {[%clk 01:07:19]} {[%emt 00:02:54]} Rfe8
{[%clk 00:54:32]} {[%emt 00:04:20]} 15. O-O {[%clk 01:05:13]} {[%emt 00:02:37]}
Qd7 {[%clk 00:50:04]} {[%emt 00:04:58]} 16. Bc4 {[%clk 01:01:06]} {[%emt
00:04:37]} Bh5 {[%clk 00:46:09]} {[%emt 00:04:25]} 17. b4 {[%clk 00:52:19]}
{[%emt 00:09:17]} Rad8 {[%clk 00:41:24]} {[%emt 00:05:15]} 18. Rfc1 {[%clk
00:47:28]} {[%emt 00:05:21]} f5 {[%clk 00:35:40]} {[%emt 00:06:14]} 19. Bd3
{[%clk 00:43:12]} {[%emt 00:04:46]} Bg6 {[%clk 00:32:52]} {[%emt 00:03:18]} 20.
Nf3 {[%clk 00:38:40]} {[%emt 00:05:01]} f4 {[%clk 00:31:06]} {[%emt 00:02:17]}
21. Bxg6 {[%clk 00:35:34]} {[%emt 00:03:36]} hxg6 {[%clk 00:30:25]} {[%emt
00:01:11]} 22. e4 {[%clk 00:31:58]} {[%emt 00:04:06]} Nf6 {[%clk 00:29:26]}
{[%emt 00:01:29]} 23. Re1 {[%clk 00:30:29]} {[%emt 00:01:59]} Re7 {[%clk
00:28:20]} {[%emt 00:01:35]} 24. Rad1 {[%clk 00:29:30]} {[%emt 00:01:29]} Rde8
{[%clk 00:27:16]} {[%emt 00:01:35]} 25. Ne5 {[%clk 00:28:58]} {[%emt 00:01:02]}
Qe6 {[%clk 00:24:47]} {[%emt 00:02:59]} 26. f3 {[%clk 00:25:58]} {[%emt
00:03:30]} Rd8 {[%clk 00:23:05]} {[%emt 00:02:12]} 27. Rd3 {[%clk 00:25:09]}
{[%emt 00:01:18]} Nd7 {[%clk 00:20:47]} {[%emt 00:02:49]} 28. Nxd7 {[%clk
00:20:31]} {[%emt 00:05:07]} Rexd7 {[%clk 00:20:58]} {[%emt 00:00:20]} 29. Qc5
{[%clk 00:19:04]} {[%emt 00:01:57]} a6 {[%clk 00:20:06]} {[%emt 00:01:21]} 30.
Red1 {[%clk 00:17:56]} {[%emt 00:01:38]} Qa2 {[%clk 00:16:11]} {[%emt
00:04:26]} 31. Qe5 {[%clk 00:15:18]} {[%emt 00:03:08]} Qb2 {[%clk 00:15:00]}
{[%emt 00:01:41]} 32. h4 {[%clk 00:14:35]} {[%emt 00:01:12]} Rd6 {[%clk
00:10:49]} {[%emt 00:04:42]} 33. R1d2 {[%clk 00:14:07]} {[%emt 00:00:58]} Qa1+
{[%clk 00:10:05]} {[%emt 00:01:13]} 34. Kh2 {[%clk 00:14:10]} {[%emt 00:00:28]}
f6 {[%clk 00:04:07]} {[%emt 00:06:28]} 35. Qxf4 {[%clk 00:09:47]} {[%emt
00:04:53]} Rxd4 {[%clk 00:04:20]} {[%emt 00:00:17]} 36. Rxd4 {[%clk 00:09:04]}
{[%emt 00:01:13]} Rxd4 {[%clk 00:04:44]} {[%emt 00:00:06]} 37. Rxd4 {[%clk
00:07:47]} {[%emt 00:01:46]} Qxd4 {[%clk 00:05:12]} {[%emt 00:00:02]} 38. Qb8+
{[%clk 00:07:04]} {[%emt 00:01:15]} Kh7 {[%clk 00:05:33]} {[%emt 00:00:08]} 39.
Qxb7 {[%clk 00:07:03]} {[%emt 00:00:30]} Qe5+ {[%clk 00:05:09]} {[%emt
00:00:54]} 40. Kh3 {[%clk 00:06:44]} {[%emt 00:00:49]} Qe6+ {[%clk 00:04:55]}
{[%emt 00:00:44]} 41. Kh2 {[%clk 00:04:22]} {[%emt 00:02:53]} Qe5+ {[%clk
00:04:59]} {[%emt 00:00:26]} 42. g3 {[%clk 00:30:20]} {[%emt 00:04:32]} Qb2+
{[%clk 00:34:54]} {[%emt 00:00:34]} 43. Kh3 {[%clk 00:30:36]} {[%emt 00:00:14]}
Qxa3 {[%clk 00:33:34]} {[%emt 00:01:51]} 44. Qxc6 {[%clk 00:28:40]} {[%emt
00:02:26]} Qxf3 {[%clk 00:33:49]} {[%emt 00:00:15]} 45. Qe6 {[%clk 00:22:29]}
{[%emt 00:06:42]} 1/2-1/2

[Event "DEM U18 2025"]
[Site "Willingen GER"]
[Date "2025.06.08"]
[Round "1"]
[White "Beyer, Lorenz"]
[Black "Eitel, Luc"]
[Result "1-0"]
[Termination "normal"]
[Board "13"]
[WhiteElo "2226"]
[BlackElo "1935"]
[WhiteClock "00:17:29"]
[BlackClock "00:01:34"]
[PlyCount "115"]
[WhiteFideId "16245393"]
[BlackFideId "16299728"]
[EventCountry "GER"]
[EventRounds "9"]
[EventType "swiss"]
[EventDate "2025.06.07"]

1. e4 {[%clk 01:30:57]} {[%emt 00:00:03]} c5 {[%clk 01:30:35]} {[%emt
00:00:25]} 2. Nf3 {[%clk 01:31:19]} {[%emt 00:00:06]} d6 {[%clk 01:30:55]}
{[%emt 00:00:10]} 3. Bc4 {[%clk 01:31:45]} {[%emt 00:00:05]} Nf6 {[%clk
01:30:28]} {[%emt 00:00:57]} 4. d3 {[%clk 01:32:08]} {[%emt 00:00:06]} e6
{[%clk 01:28:50]} {[%emt 00:02:08]} 5. Bb3 {[%clk 01:30:30]} {[%emt 00:02:09]}
Be7 {[%clk 01:27:32]} {[%emt 00:01:47]} 6. O-O {[%clk 01:30:35]} {[%emt
00:00:24]} O-O {[%clk 01:27:00]} {[%emt 00:01:04]} 7. Re1 {[%clk 01:30:11]}
{[%emt 00:00:54]} Nc6 {[%clk 01:22:10]} {[%emt 00:05:21]} 8. c3 {[%clk
01:30:13]} {[%emt 00:00:27]} b5 {[%clk 01:11:20]} {[%emt 00:11:20]} 9. d4
{[%clk 01:29:23]} {[%emt 00:01:20]} a6 {[%clk 01:08:00]} {[%emt 00:03:50]} 10.
Nbd2 {[%clk 01:25:37]} {[%emt 00:04:16]} Re8 {[%clk 00:56:05]} {[%emt
00:12:25]} 11. Nf1 {[%clk 01:25:05]} {[%emt 00:01:01]} Bb7 {[%clk 00:52:36]}
{[%emt 00:04:00]} 12. Ng3 {[%clk 01:24:05]} {[%emt 00:01:29]} Bf8 {[%clk
00:46:21]} {[%emt 00:06:46]} 13. a3 {[%clk 01:15:50]} {[%emt 00:08:45]} h6
{[%clk 00:44:32]} {[%emt 00:02:19]} 14. h3 {[%clk 01:13:52]} {[%emt 00:02:27]}
Ne7 {[%clk 00:38:05]} {[%emt 00:06:57]} 15. Bc2 {[%clk 01:11:24]} {[%emt
00:02:58]} cxd4 {[%clk 00:34:12]} {[%emt 00:04:24]} 16. cxd4 {[%clk 01:10:32]}
{[%emt 00:01:22]} Rc8 {[%clk 00:31:06]} {[%emt 00:03:36]} 17. Bd2 {[%clk
01:06:32]} {[%emt 00:04:30]} Qb6 {[%clk 00:27:36]} {[%emt 00:03:59]} 18. Rc1
{[%clk 00:59:19]} {[%emt 00:07:43]} a5 {[%clk 00:19:59]} {[%emt 00:08:08]} 19.
Be3 {[%clk 00:57:58]} {[%emt 00:01:50]} Qa6 {[%clk 00:18:01]} {[%emt 00:02:28]}
20. Bd3 {[%clk 00:56:27]} {[%emt 00:02:03]} Rxc1 {[%clk 00:17:16]} {[%emt
00:01:13]} 21. Bxc1 {[%clk 00:56:41]} {[%emt 00:00:16]} Qc6 {[%clk 00:16:20]}
{[%emt 00:01:24]} 22. Qe2 {[%clk 00:53:57]} {[%emt 00:03:17]} Ba6 {[%clk
00:08:38]} {[%emt 00:08:12]} 23. Bd2 {[%clk 00:49:19]} {[%emt 00:05:09]} a4
{[%clk 00:06:21]} {[%emt 00:02:46]} 24. Rc1 {[%clk 00:48:56]} {[%emt 00:00:52]}
Qd7 {[%clk 00:05:01]} {[%emt 00:01:51]} 25. Bb4 {[%clk 00:44:52]} {[%emt
00:04:33]} Rc8 {[%clk 00:04:31]} {[%emt 00:01:01]} 26. Rxc8 {[%clk 00:42:52]}
{[%emt 00:02:30]} Nxc8 {[%clk 00:04:56]} {[%emt 00:00:05]} 27. Qc2 {[%clk
00:38:12]} {[%emt 00:05:10]} Bb7 {[%clk 00:03:36]} {[%emt 00:01:50]} 28. Qe2
{[%clk 00:32:44]} {[%emt 00:05:58]} Na7 {[%clk 00:03:12]} {[%emt 00:00:54]} 29.
Bc3 {[%clk 00:31:28]} {[%emt 00:01:46]} Be7 {[%clk 00:02:19]} {[%emt 00:01:22]}
30. Qe3 {[%clk 00:28:56]} {[%emt 00:03:03]} Ba8 {[%clk 00:01:47]} {[%emt
00:01:00]} 31. Ba5 {[%clk 00:19:27]} {[%emt 00:10:01]} Bc6 {[%clk 00:00:45]}
{[%emt 00:01:31]} 32. Nd2 {[%clk 00:13:14]} {[%emt 00:06:44]} Qb7 {[%clk
00:00:57]} {[%emt 00:00:18]} 33. Bb4 {[%clk 00:12:37]} {[%emt 00:01:07]} Nc8
{[%clk 00:01:12]} {[%emt 00:00:15]} 34. Qe2 {[%clk 00:11:03]} {[%emt 00:02:04]}
Be8 {[%clk 00:00:43]} {[%emt 00:00:59]} 35. Nb1 {[%clk 00:10:11]} {[%emt
00:01:21]} Kf8 {[%clk 00:00:42]} {[%emt 00:00:32]} 36. Nc3 {[%clk 00:10:12]}
{[%emt 00:00:30]} Na7 {[%clk 00:00:45]} {[%emt 00:00:27]} 37. d5 {[%clk
00:04:37]} {[%emt 00:06:04]} e5 {[%clk 00:00:36]} {[%emt 00:00:40]} 38. Nf5
{[%clk 00:04:43]} {[%emt 00:00:24]} Qb6 {[%clk 00:00:43]} {[%emt 00:00:16]} 39.
Nd1 {[%clk 00:02:32]} {[%emt 00:02:46]} h5 {[%clk 00:00:35]} {[%emt 00:00:38]}
40. Qd2 {[%clk 00:02:01]} {[%emt 00:01:03]} Bd7 {[%clk 00:00:34]} {[%emt
00:00:30]} 41. Nde3 {[%clk 00:28:13]} {[%emt 00:04:18]} Bxf5 {[%clk 00:24:05]}
{[%emt 00:06:59]} 42. Nxf5 {[%clk 00:28:06]} {[%emt 00:00:36]} Ng8 {[%clk
00:23:37]} {[%emt 00:00:59]} 43. Qe3 {[%clk 00:20:34]} {[%emt 00:08:01]} Qxe3
{[%clk 00:20:31]} {[%emt 00:03:36]} 44. fxe3 {[%clk 00:20:49]} {[%emt
00:00:15]} g6 {[%clk 00:14:01]} {[%emt 00:07:01]} 45. Nxd6 {[%clk 00:20:56]}
{[%emt 00:00:23]} Nf6 {[%clk 00:12:16]} {[%emt 00:02:14]} 46. Kf2 {[%clk
00:20:55]} {[%emt 00:00:31]} Nd7 {[%clk 00:10:26]} {[%emt 00:02:19]} 47. Ke2
{[%clk 00:16:29]} {[%emt 00:04:58]} Bxd6 {[%clk 00:08:31]} {[%emt 00:02:24]}
48. Bxd6+ {[%clk 00:16:50]} {[%emt 00:00:09]} Ke8 {[%emt 00:00:42]} 49. Kd2
{[%emt 00:01:45]} Nc8 {[%clk 00:07:16]} {[%emt 00:00:34]} 50. Bb4 {[%emt
00:00:53]} Na7 {[%clk 00:07:02]} {[%emt 00:00:08]} 51. Kc3 {[%emt 00:01:13]}
Kd8 {[%clk 00:06:14]} {[%emt 00:00:06]} 52. Ba5+ {[%emt 00:00:21]} Kc8 {[%clk
00:06:34]} {[%emt 00:00:05]} 53. Kb4 {[%emt 00:02:07]} Kb7 {[%clk 00:05:37]}
{[%emt 00:00:25]} 54. Bd8 {[%emt 00:00:52]} Ka6 {[%emt 00:00:22]} 55. g4 {[%emt
00:02:19]} hxg4 {[%clk 00:03:54]} {[%emt 00:00:02]} 56. hxg4 {[%clk 00:17:32]}
{[%emt 00:00:02]} f6 {[%clk 00:02:15]} {[%emt 00:02:09]} 57. Be2 {[%clk
00:17:04]} {[%emt 00:00:57]} g5 {[%clk 00:01:34]} {[%emt 00:01:11]} 58. Bd3
{[%clk 00:17:29]} {[%emt 00:00:06]} 1-0

[Event "DEM U18 2025"]
[Site "Willingen GER"]
[Date "2025.06.08"]
[Round "1"]
[White "Lippitz, Jaden"]
[Black "Vollbehr, Bjarne"]
[Result "0-1"]
[Termination "normal"]
[Board "14"]
[BlackTitle "CM"]
[WhiteElo "1828"]
[BlackElo "2163"]
[WhiteClock "00:29:53"]
[BlackClock "00:33:49"]
[PlyCount "74"]
[WhiteFideId "34608893"]
[BlackFideId "34606025"]
[EventCountry "GER"]
[EventRounds "9"]
[EventType "swiss"]
[EventDate "2025.06.07"]

1. Nf3 {[%clk 01:30:56]} {[%emt 00:00:03]} Nf6 {[%clk 01:30:30]} {[%emt
00:00:29]} 2. g3 {[%clk 01:31:19]} {[%emt 00:00:08]} d5 {[%clk 01:28:41]}
{[%emt 00:02:19]} 3. d4 {[%clk 01:31:37]} {[%emt 00:00:12]} Bf5 {[%clk
01:24:19]} {[%emt 00:04:52]} 4. Bg2 {[%clk 01:31:37]} {[%emt 00:00:30]} e6
{[%clk 01:21:33]} {[%emt 00:03:17]} 5. O-O {[%clk 01:31:33]} {[%emt 00:00:33]}
h6 {[%clk 01:19:48]} {[%emt 00:02:17]} 6. b3 {[%clk 01:31:06]} {[%emt
00:00:56]} Be7 {[%clk 01:16:43]} {[%emt 00:03:33]} 7. Ba3 {[%clk 01:29:09]}
{[%emt 00:02:27]} O-O {[%clk 01:16:30]} {[%emt 00:00:44]} 8. Bxe7 {[%clk
01:29:11]} {[%emt 00:00:28]} Qxe7 {[%clk 01:16:54]} {[%emt 00:00:06]} 9. Re1
{[%clk 01:25:51]} {[%emt 00:03:51]} Nbd7 {[%clk 01:15:10]} {[%emt 00:02:14]}
10. c4 {[%clk 01:18:32]} {[%emt 00:07:49]} c6 {[%clk 01:13:31]} {[%emt
00:02:10]} 11. a3 {[%clk 01:13:27]} {[%emt 00:05:34]} Rfd8 {[%clk 01:07:43]}
{[%emt 00:06:16]} 12. Nc3 {[%clk 01:11:48]} {[%emt 00:02:10]} Bh7 {[%clk
01:06:48]} {[%emt 00:01:24]} 13. cxd5 {[%clk 01:09:46]} {[%emt 00:02:33]} cxd5
{[%clk 01:05:18]} {[%emt 00:02:00]} 14. b4 {[%clk 01:07:12]} {[%emt 00:03:04]}
Rdc8 {[%clk 01:04:46]} {[%emt 00:01:02]} 15. Rc1 {[%clk 01:01:44]} {[%emt
00:05:58]} Nb6 {[%clk 01:01:00]} {[%emt 00:04:16]} 16. Ne5 {[%clk 01:00:25]}
{[%emt 00:01:48]} Nc4 {[%clk 00:52:02]} {[%emt 00:09:28]} 17. Nxc4 {[%clk
00:54:13]} {[%emt 00:06:43]} Rxc4 {[%clk 00:52:23]} {[%emt 00:00:09]} 18. Na4
{[%clk 00:44:42]} {[%emt 00:10:02]} Rac8 {[%clk 00:51:30]} {[%emt 00:01:21]}
19. Rxc4 {[%clk 00:38:42]} {[%emt 00:06:31]} Rxc4 {[%clk 00:51:53]} {[%emt
00:00:07]} 20. Qa1 {[%clk 00:37:21]} {[%emt 00:01:51]} Qc7 {[%clk 00:48:46]}
{[%emt 00:03:36]} 21. f3 {[%clk 00:36:00]} {[%emt 00:01:52]} Rc2 {[%clk
00:40:17]} {[%emt 00:08:59]} 22. e4 {[%clk 00:34:48]} {[%emt 00:01:42]} dxe4
{[%clk 00:38:59]} {[%emt 00:01:49]} 23. fxe4 {[%clk 00:35:03]} {[%emt
00:00:14]} Rxg2+ {[%clk 00:39:09]} {[%emt 00:00:20]} 24. Kxg2 {[%clk 00:35:18]}
{[%emt 00:00:15]} Qc2+ {[%clk 00:39:35]} {[%emt 00:00:04]} 25. Kf1 {[%clk
00:33:37]} {[%emt 00:02:11]} Qxa4 {[%clk 00:39:49]} {[%emt 00:00:16]} 26. Qc1
{[%clk 00:32:46]} {[%emt 00:01:21]} Qb5+ {[%clk 00:38:34]} {[%emt 00:01:46]}
27. Kg1 {[%clk 00:32:48]} {[%emt 00:00:28]} Bxe4 {[%clk 00:38:35]} {[%emt
00:00:28]} 28. Qc8+ {[%clk 00:32:21]} {[%emt 00:00:57]} Kh7 {[%clk 00:38:58]}
{[%emt 00:00:07]} 29. Qc7 {[%clk 00:32:12]} {[%emt 00:00:40]} Qh5 {[%clk
00:38:27]} {[%emt 00:01:00]} 30. Qf4 {[%clk 00:31:52]} {[%emt 00:00:50]} Bd5
{[%clk 00:38:02]} {[%emt 00:00:55]} 31. Rc1 {[%clk 00:30:32]} {[%emt 00:01:49]}
Qe2 {[%clk 00:33:14]} {[%emt 00:05:19]} 32. Qf2 {[%clk 00:30:21]} {[%emt
00:00:40]} Qxf2+ {[%clk 00:32:50]} {[%emt 00:00:56]} 33. Kxf2 {[%clk 00:30:37]}
{[%emt 00:00:13]} Ng4+ {[%clk 00:33:08]} {[%emt 00:00:12]} 34. Kg1 {[%clk
00:30:06]} {[%emt 00:01:01]} Kg6 {[%clk 00:33:14]} {[%emt 00:00:25]} 35. h3
{[%clk 00:30:07]} {[%emt 00:00:29]} Ne3 {[%clk 00:33:11]} {[%emt 00:00:32]} 36.
Kf2 {[%clk 00:30:06]} {[%emt 00:00:31]} Nc4 {[%clk 00:33:33]} {[%emt 00:00:08]}
37. Rc3 {[%clk 00:29:53]} {[%emt 00:00:43]} Kf5 {[%clk 00:33:49]} {[%emt
00:00:13]} 0-1

[Event "DEM U18 2025"]
[Site "Willingen GER"]
[Date "2025.06.08"]
[Round "1"]
[White "Reichmann, Felix"]
[Black "Hanmuradov, Ülwi"]
[Result "1-0"]
[Termination "normal"]
[Board "15"]
[WhiteTitle "CM"]
[WhiteElo "2138"]
[BlackElo "1790"]
[WhiteClock "00:08:36"]
[BlackClock "00:00:46"]
[PlyCount "151"]
[WhiteFideId "16238290"]
[BlackFideId "34658840"]
[EventCountry "GER"]
[EventRounds "9"]
[EventType "swiss"]
[EventDate "2025.06.07"]

1. c4 {[%clk 01:30:55]} {[%emt 00:00:04]} e6 {[%clk 01:30:46]} {[%emt
00:00:14]} 2. Nf3 {[%clk 01:30:19]} {[%emt 00:01:05]} d5 {[%clk 01:30:49]}
{[%emt 00:00:28]} 3. d4 {[%clk 01:30:15]} {[%emt 00:00:34]} Nf6 {[%clk
01:30:40]} {[%emt 00:00:38]} 4. g3 {[%clk 01:29:47]} {[%emt 00:00:58]} Be7
{[%clk 01:30:19]} {[%emt 00:00:51]} 5. Bg2 {[%clk 01:30:10]} {[%emt 00:00:08]}
O-O {[%clk 01:30:26]} {[%emt 00:00:22]} 6. Qc2 {[%clk 01:26:21]} {[%emt
00:04:20]} Nbd7 {[%clk 01:28:34]} {[%emt 00:02:23]} 7. O-O {[%clk 01:26:03]}
{[%emt 00:00:47]} c6 {[%clk 01:26:00]} {[%emt 00:03:04]} 8. Nbd2 {[%clk
01:22:50]} {[%emt 00:03:43]} b6 {[%clk 01:23:00]} {[%emt 00:03:31]} 9. e4
{[%clk 01:21:52]} {[%emt 00:01:27]} dxc4 {[%clk 01:18:10]} {[%emt 00:05:20]}
10. Nxc4 {[%clk 01:20:47]} {[%emt 00:01:35]} Bb7 {[%clk 01:17:28]} {[%emt
00:01:12]} 11. Re1 {[%clk 01:13:32]} {[%emt 00:07:44]} c5 {[%clk 01:10:17]}
{[%emt 00:07:41]} 12. Bf4 {[%clk 01:11:30]} {[%emt 00:02:32]} cxd4 {[%clk
01:04:55]} {[%emt 00:05:53]} 13. Nd6 {[%clk 01:04:28]} {[%emt 00:07:31]} Bxd6
{[%clk 01:04:54]} {[%emt 00:00:32]} 14. Bxd6 {[%clk 01:04:53]} {[%emt
00:00:05]} d3 {[%clk 01:00:35]} {[%emt 00:04:49]} 15. Qb3 {[%clk 00:58:47]}
{[%emt 00:06:36]} Re8 {[%clk 00:56:59]} {[%emt 00:04:05]} 16. Nd2 {[%clk
00:46:45]} {[%emt 00:12:32]} Rc8 {[%clk 00:46:54]} {[%emt 00:10:36]} 17. e5
{[%clk 00:37:18]} {[%emt 00:09:57]} Bxg2 {[%clk 00:29:05]} {[%emt 00:18:19]}
18. Kxg2 {[%clk 00:37:26]} {[%emt 00:00:22]} Nd5 {[%clk 00:28:00]} {[%emt
00:01:35]} 19. Ne4 {[%clk 00:33:17]} {[%emt 00:04:39]} d2 {[%clk 00:23:53]}
{[%emt 00:04:37]} 20. Red1 {[%clk 00:29:50]} {[%emt 00:03:54]} Rc1 {[%clk
00:20:47]} {[%emt 00:03:38]} 21. Raxc1 {[%clk 00:27:27]} {[%emt 00:02:54]}
dxc1=Q {[%clk 00:21:07]} {[%emt 00:00:09]} 22. Rxc1 {[%clk 00:27:50]} {[%emt
00:00:08]} Qa8 {[%clk 00:21:18]} {[%emt 00:00:18]} 23. Qc4 {[%clk 00:20:14]}
{[%emt 00:08:06]} Nxe5 {[%clk 00:17:08]} {[%emt 00:04:41]} 24. Bxe5 {[%clk
00:20:29]} {[%emt 00:00:15]} f5 {[%clk 00:16:44]} {[%emt 00:00:54]} 25. Kg1
{[%clk 00:17:23]} {[%emt 00:03:36]} fxe4 {[%clk 00:14:31]} {[%emt 00:02:43]}
26. Qxe4 {[%clk 00:17:22]} {[%emt 00:00:31]} Rc8 {[%clk 00:13:03]} {[%emt
00:01:57]} 27. Re1 {[%clk 00:16:25]} {[%emt 00:01:28]} Qc6 {[%clk 00:11:48]}
{[%emt 00:01:44]} 28. Qg4 {[%clk 00:16:26]} {[%emt 00:00:28]} g6 {[%clk
00:07:46]} {[%emt 00:04:32]} 29. Bd4 {[%clk 00:15:24]} {[%emt 00:01:32]} Re8
{[%clk 00:06:40]} {[%emt 00:01:37]} 30. h4 {[%clk 00:14:13]} {[%emt 00:01:40]}
Qd6 {[%clk 00:02:54]} {[%emt 00:04:16]} 31. h5 {[%clk 00:07:24]} {[%emt
00:07:19]} e5 {[%clk 00:03:02]} {[%emt 00:00:22]} 32. hxg6 {[%clk 00:07:42]}
{[%emt 00:00:13]} hxg6 {[%clk 00:03:18]} {[%emt 00:00:13]} 33. Qg5 {[%clk
00:06:42]} {[%emt 00:01:30]} Qf6 {[%clk 00:00:51]} {[%emt 00:02:57]} 34. Rxe5
{[%clk 00:03:48]} {[%emt 00:03:24]} Rxe5 {[%clk 00:01:05]} {[%emt 00:00:17]}
35. Qxe5 {[%clk 00:04:07]} {[%emt 00:00:10]} Qxe5 {[%clk 00:01:16]} {[%emt
00:00:20]} 36. Bxe5 {[%clk 00:04:36]} {[%emt 00:00:01]} Kf7 {[%clk 00:01:12]}
{[%emt 00:00:33]} 37. Kg2 {[%clk 00:04:23]} {[%emt 00:00:43]} Ke6 {[%clk
00:00:49]} {[%emt 00:00:53]} 38. Bb8 {[%clk 00:04:38]} {[%emt 00:00:16]} a6
{[%clk 00:01:09]} {[%emt 00:00:10]} 39. Kf3 {[%clk 00:03:31]} {[%emt 00:01:36]}
Nb4 {[%clk 00:00:46]} {[%emt 00:00:54]} 40. Ba7 {[%clk 00:01:30]} {[%emt
00:02:31]} Nxa2 {[%clk 00:00:32]} {[%emt 00:00:44]} 41. Bxb6 {[%clk 00:01:52]}
{[%emt 00:00:08]} Nb4 {[%clk 00:27:22]} {[%emt 00:03:40]} 42. Ke4 {[%clk
00:26:59]} {[%emt 00:05:21]} Kd6 {[%clk 00:24:31]} {[%emt 00:03:23]} 43. g4
{[%clk 00:24:10]} {[%emt 00:03:19]} Nd5 {[%clk 00:23:07]} {[%emt 00:01:53]} 44.
Bd4 {[%clk 00:24:22]} {[%emt 00:00:18]} Ke6 {[%clk 00:23:20]} {[%emt 00:00:18]}
45. f4 {[%clk 00:21:35]} {[%emt 00:03:17]} Ne7 {[%clk 00:22:58]} {[%emt
00:00:51]} 46. Be5 {[%clk 00:19:10]} {[%emt 00:02:55]} Nc6 {[%clk 00:20:54]}
{[%emt 00:02:35]} 47. f5+ {[%clk 00:17:46]} {[%emt 00:01:54]} gxf5+ {[%clk
00:21:03]} {[%emt 00:00:20]} 48. gxf5+ {[%clk 00:18:15]} {[%emt 00:00:01]} Kf7
{[%clk 00:21:21]} {[%emt 00:00:12]} 49. Bc3 {[%clk 00:17:54]} {[%emt 00:00:51]}
Ne7 {[%clk 00:17:51]} {[%emt 00:04:00]} 50. b4 {[%clk 00:17:31]} {[%emt
00:00:53]} Nc6 {[%clk 00:17:31]} {[%emt 00:00:51]} 51. Bd2 {[%clk 00:12:44]}
{[%emt 00:05:17]} Ne7 {[%clk 00:16:41]} {[%emt 00:01:20]} 52. Be3 {[%clk
00:12:13]} {[%emt 00:01:00]} Nc6 {[%clk 00:15:19]} {[%emt 00:01:52]} 53. Bc5
{[%clk 00:12:39]} {[%emt 00:00:04]} Kf6 {[%clk 00:15:36]} {[%emt 00:00:13]} 54.
Bd6 {[%clk 00:12:49]} {[%emt 00:00:21]} Nd8 {[%clk 00:11:51]} {[%emt 00:04:15]}
55. Be5+ {[%clk 00:13:00]} {[%emt 00:00:19]} Ke7 {[%clk 00:12:12]} {[%emt
00:00:08]} 56. Kd5 {[%clk 00:12:57]} {[%emt 00:00:34]} Kd7 {[%clk 00:09:30]}
{[%emt 00:03:11]} 57. Kc5 {[%clk 00:10:38]} {[%emt 00:02:49]} Nc6 {[%clk
00:09:27]} {[%emt 00:00:32]} 58. Bf6 {[%clk 00:10:18]} {[%emt 00:00:51]} Kc7
{[%clk 00:08:31]} {[%emt 00:01:27]} 59. Bc3 {[%clk 00:09:55]} {[%emt 00:00:52]}
Kd7 {[%clk 00:07:26]} {[%emt 00:01:35]} 60. f6 {[%clk 00:09:45]} {[%emt
00:00:40]} Kc7 {[%clk 00:06:46]} {[%emt 00:01:11]} 61. f7 {[%clk 00:07:38]}
{[%emt 00:02:37]} Nd8 {[%clk 00:07:06]} {[%emt 00:00:09]} 62. f8=N {[%clk
00:06:55]} {[%emt 00:01:12]} Nc6 {[%clk 00:05:34]} {[%emt 00:02:03]} 63. Ne6+
{[%clk 00:07:16]} {[%emt 00:00:09]} Kb7 {[%clk 00:05:11]} {[%emt 00:00:53]} 64.
Bf6 {[%clk 00:07:07]} {[%emt 00:00:39]} Na7 {[%clk 00:02:26]} {[%emt 00:03:16]}
65. Nd4 {[%clk 00:06:42]} {[%emt 00:00:54]} Nc8 {[%clk 00:01:50]} {[%emt
00:01:06]} 66. Bd8 {[%clk 00:06:49]} {[%emt 00:00:23]} Na7 {[%clk 00:01:40]}
{[%emt 00:00:40]} 67. Ba5 {[%clk 00:07:01]} {[%emt 00:00:17]} Nc8 {[%clk
00:01:25]} {[%emt 00:00:46]} 68. Nc6 {[%clk 00:07:21]} {[%emt 00:00:10]} Ka8
{[%clk 00:01:26]} {[%emt 00:00:29]} 69. Bd8 {[%clk 00:06:25]} {[%emt 00:01:26]}
Kb7 {[%clk 00:01:01]} {[%emt 00:00:55]} 70. Na5+ {[%clk 00:06:48]} {[%emt
00:00:07]} Ka7 {[%clk 00:00:35]} {[%emt 00:00:56]} 71. Kc6 {[%clk 00:07:09]}
{[%emt 00:00:10]} Kb8 {[%clk 00:00:33]} {[%emt 00:00:31]} 72. Kd7 {[%clk
00:07:25]} {[%emt 00:00:14]} Na7 {[%clk 00:00:34]} {[%emt 00:00:29]} 73. Nc6+
{[%clk 00:07:48]} {[%emt 00:00:08]} Kb7 {[%clk 00:00:38]} {[%emt 00:00:25]} 74.
Nxa7 {[%clk 00:08:12]} {[%emt 00:00:07]} Kxa7 {[%clk 00:01:03]} {[%emt
00:00:05]} 75. Kc6 {[%clk 00:08:36]} {[%emt 00:00:06]} Ka8 {[%clk 00:00:46]}
{[%emt 00:00:46]} 76. Kb6 {[%emt 00:00:25]} 1-0